Люди не зі страху. Українська сага. Спогади (Запис № 434361)

МАРК-запис
000 -Лідер
fixed length control field 02384nam a22002777a 4500
001 - Контрольний номер
control field 54244
003 - Ідентифікатор контрольного номера
control field UA-OsUOA
005 - Дата та час останнього входження (трансакції)
control field 20260629150608.0
007 - Фіксоване поле фізичного опису
fixed length control field ta
008 - Елементи даних фіксованої довжини – загальна інформація
fixed length control field 20170531b un ||||| |||| 00| 0 ukr d
020 ## - Міжнародний стандартний книжковий номер (ISBN)
Міжнародний стандартний книжковий номер (ISBN) (НП) 9789662164572
040 ## - Джерело каталогізації
Агенція оригінальної каталогізації UA-OsUOA
Мова каталогізації ukr
Агенція, яка здійснювала перезапис UA-OsUOA
Агенція, яка здійснювала модифікацію UA-OsUOA
041 ## - Код мови
Код мови тексту/ звукової доріжки чи окремого заголовка (П) ukr
080 ## - Індекс Універсальної десяткової класифікації
Індекс Універсальної десяткової класифікації (УДК) (НП) 82-94
090 ## - Локальний шифр розміщення
Класифікаційний індекс УДК 82-94
Авторський знак (НП) К43
100 ## - Основне введення – ім’я особи
Ім’я особи (НП) Кириченко С.
9 (RLIN) 25527
245 ## - Відомості про назву
Назва (НП) Люди не зі страху. Українська сага. Спогади
260 ## - Публікація, розповсюдження і т.п. (Вихідні дані)
Місце публікації, розповсюдження і т.п. (П) К.
Ім’я/ наймення видавництва, розповсюджувача і т.п. (П) Смолоскип
Дата публікації, розповсюдження і т.п. (П) 2013
300 ## - Фізичний опис
Обсяг 920 с.
520 ## - Резюме і т.п.
Резюме, реферат, анотація, тощо (НП) Спогади Світлани Кириченко, активної учасниці українського визвольного руху 60 — 80-х років минулого століття, відзначаються багатогранним змістом і своєрідним художнім стилем. Це історичного масштабу унікальні свідчення про себе та епоху, про відомі провід ні постаті новітньої доби нашого національного пробудження, про десятки рядових творців суспільних обставин. До видання увійшли також вибрані статті авторки. З огляду на обмежений обсяг до нього не потрапили спогади про Василя Стуса «Птах піднебесний», що, сподіваємося, невдо взі побачать світ окремою книжкою. «Люди не зі страху» друкувалися в газеті «Молодь України», у журналах «Дніпро» і «Кур'єр Кривбасу», звучали на хвилях національного радіоканалу «Культура».
650 #7 - Додаткове предметне введення – тематичний термін
Тематичний термін чи географічна назва, як елемент введення (НП) 82-94 Історія як літературний жанр. Історичні твори. Історіографія. Хроніки. Аннали, літописи. Мемуари. Спогади. Щоденники. Біографії. Автобіографії
Джерело заголовка чи терміна UDC
9 (RLIN) 2061
942 ## - Додаткові елементи входу (Коха)
Тип елемента Koha Книги
Source of classification or shelving scheme Universal Decimal Classification
955 ## - Код типу видання за змістом
Код типу видання за змістом (НП) Літературно-художні видання
Фонди
Стан вилучень Стан втрат Джерело класифікації або схеми стелажів Стан уражень Не для кредиту Постійне місце розташування Поточне розміщення Дата придбання Джерело придбання Вартість, звичайна ціна покупки Інвентарний номер Усього замовленно Повний номер виклику Штрих-код Дата останнього перегляду Ціна ефективна від Тип елемента Koha Код колекції Вартість, ціна заміни
    Universal Decimal Classification     АБ - Абонемент НБ АБ - Абонемент НБ 16/06/2026 №29/08.06.2026 100.00     82-94 К43 170109 16/06/2026 16/06/2026 Книги Колекція Шевчука Валерія 100.00
    Universal Decimal Classification     Наукова бібліотека ІДУД Наукова бібліотека ІДУД 31/05/2017 319/2014 1.00 2139211   82-94 К43 2139211 15/09/2019 31/05/2017 Книги